[Event "CZE-chT2E 1920"]
[Site "Czech Republic"]
[Date "2019.12.15"]
[Round "5.4"]
[White "Danada, Tomas"]
[Black "Dvorak, Adam"]
[Result "1/2-1/2"]
[WhiteElo "2266"]
[BlackElo "2141"]
[PlyCount "35"]
[EventDate "2019.10.13"]
[EventType "team-tourn"]
[EventRounds "11"]
[EventCountry "CZE"]
[SourceTitle "EXT 2024"]
[Source "ChessBase"]
[SourceDate "2023.10.10"]
[SourceVersion "1"]
[SourceVersionDate "2023.10.10"]
[SourceQuality "1"]
[WhiteTeam "Vlcnov"]
[BlackTeam "Brno Lokomotiva"]
[WhiteTeamCountry "CZE"]
[BlackTeamCountry "CZE"]

1. d4 Nf6 2. Nf3 e6 3. Bf4 Be7 4. c4 b6 5. Nc3 Bb7 6. d5 exd5 7. cxd5 Bb4 8. d6 c5 9. a3 Bxc3+ 10. bxc3 0-0 11. Bg5 h6 12. Bh4 Re8 13. e3 g5 14. Bg3 Ne4 15. Rc1 f5 16. Bc4+ Kh7 17. Bd5 Nc6 18. h4 1/2-1/2

[Event "CZE-chT1E 1718"]
[Site "Czech Republic"]
[Date "2018.03.04"]
[Round "9.1"]
[White "Dvorak, Adam"]
[Black "Kozusek, Daniel"]
[Result "0-1"]
[WhiteElo "2202"]
[BlackElo "2237"]
[PlyCount "70"]
[EventDate "2017.10.22"]
[EventType "team-tourn"]
[EventRounds "11"]
[EventCountry "CZE"]
[SourceTitle "EXT 2019"]
[Source "ChessBase"]
[SourceDate "2018.10.10"]
[SourceVersion "1"]
[SourceVersionDate "2018.10.10"]
[SourceQuality "1"]
[WhiteTeam "Brno Lokomotiva"]
[BlackTeam "Rychnov nad Kneznou"]
[WhiteTeamCountry "CZE"]
[BlackTeamCountry "CZE"]

1. d4 d5 2. Nf3 Nf6 3. e3 e6 4. Nbd2 b6 5. b3 Bb7 6. Bb2 Bd6 7. c4 Ne4 8. Nxe4 dxe4 9. Nd2 f5 10. c5 Be7 11. Bb5+ Kf7 12. Qh5+ g6 13. Qh3 Bf6 14. cxb6 axb6 15. 0-0 Kg7 16. Rfd1 Nc6 17. Rac1 Rxa2 18. Bxc6 Bxc6 19. Rxc6 Rxb2 20. Qg3 e5 21. dxe5 Bh4 22. Qf4 Bg5 23. Qg3 Rf8 24. e6 f4 25. exf4 Qxd2 26. Rcc1 Rc2 27. Ra1 Qxf4 28. Qxf4 Bxf4 29. Rd7+ Kg8 30. g3 Bd6 31. e7 Re8 32. Ra8 Kf7 33. Rdd8 Rxe7 34. Rf8+ Ke6 35. Ra4 Kd5 0-1

[Event "Pardubice op rapid 28th"]
[Site "Pardubice"]
[Date "2017.07.20"]
[Round "6"]
[White "Grekh, Andrey"]
[Black "Dvorak, Adam"]
[Result "1-0"]
[WhiteElo "2395"]
[BlackElo "2185"]
[PlyCount "37"]
[EventDate "2017.07.19"]
[EventType "swiss (rapid)"]
[EventRounds "9"]
[EventCountry "CZE"]
[SourceTitle "CBM 179 Extra"]
[Source "ChessBase"]
[SourceDate "2017.08.23"]
[SourceVersion "1"]
[SourceVersionDate "2017.08.23"]
[SourceQuality "1"]

1. e4 c5 2. Nf3 e6 3. c3 Nf6 4. e5 Nd5 5. d4 cxd4 6. cxd4 d6 7. Nc3 Nxc3 8. bxc3 dxe5 9. Nxe5 Nd7 10. Bb5 Bd6 11. Qg4 Bxe5 12. dxe5 Qa5 13. Qxg7 Qxc3+ 14. Bd2 Qxa1+ 15. Ke2 Qd4 16. Qxh8+ Ke7 17. Bg5+ f6 18. Bxf6+ Nxf6 19. Qxf6# 1-0

[Event "Pardubice op rapid 28th"]
[Site "Pardubice"]
[Date "2017.07.20"]
[Round "8"]
[White "Grishaev, Igor"]
[Black "Dvorak, Adam"]
[Result "0-1"]
[WhiteElo "1937"]
[BlackElo "2185"]
[PlyCount "56"]
[EventDate "2017.07.19"]
[EventType "swiss (rapid)"]
[EventRounds "9"]
[EventCountry "CZE"]
[SourceTitle "CBM 179 Extra"]
[Source "ChessBase"]
[SourceDate "2017.08.23"]
[SourceVersion "1"]
[SourceVersionDate "2017.08.23"]
[SourceQuality "1"]

1. d4 Nf6 2. Nf3 c5 3. d5 e6 4. dxe6 fxe6 5. Bg5 Be7 6. Nbd2 d5 7. e3 0-0 8. Be2 Nc6 9. 0-0 b6 10. c4 Bb7 11. a3 d4 12. exd4 cxd4 13. Bd3 Qd6 14. Re1 Rae8 15. Bxf6 Bxf6 16. Ne4 Qf4 17. g3 Qc7 18. Nfg5 g6 19. Rc1 Ne5 20. Bb1 d3 21. c5 Bxg5 22. Nxg5 Qc6 23. f3 Nxf3+ 24. Nxf3 Rxf3 25. Qd2 Rxg3+ 26. hxg3 Qh1+ 27. Kf2 Rf8+ 28. Ke3 Qe4# 0-1

[Event "CZE-chT 1617"]
[Site "Czech Republic"]
[Date "2017.04.02"]
[Round "11.3"]
[White "Szotkowski, Jakub"]
[Black "Dvorak, Adam"]
[Result "1-0"]
[WhiteElo "2408"]
[BlackElo "2208"]
[PlyCount "85"]
[EventDate "2016.10.08"]
[EventType "team-tourn"]
[EventRounds "11"]
[EventCountry "CZE"]
[SourceTitle "CBM 177 Extra"]
[Source "ChessBase"]
[SourceDate "2017.04.27"]
[SourceVersion "1"]
[SourceVersionDate "2017.04.27"]
[SourceQuality "1"]
[WhiteTeam "Frydek Mistek"]
[BlackTeam "Brno Lokomotiva"]
[WhiteTeamCountry "CZE"]
[BlackTeamCountry "CZE"]

1. d4 Nf6 2. c4 e6 3. Nc3 d5 4. cxd5 exd5 5. Bg5 Be7 6. e3 Nbd7 7. Bd3 c6 8. Qc2 0-0 9. Nge2 Re8 10. 0-0 Nf8 11. Rad1 Bg4 12. f3 Bh5 13. Ng3 Bg6 14. Nf5 Bxf5 15. Bxf5 Nh5 16. Bxe7 Qxe7 17. e4 Rad8 18. Qf2 Ng6 19. e5 Nhf4 20. g3 Qg5 21. Qc2 h5 22. Kh1 Ne6 23. f4 Qh6 24. Bxg6 fxg6 25. h4 Rf8 26. Ne2 Rf5 27. Ng1 Rdf8 28. Nh3 g5 29. Nxg5 Nxg5 30. hxg5 Qg6 31. Rf2 Qe6 32. Rh2 g6 33. Qc5 Qf7 34. Re1 Re8 35. Qxa7 h4 36. Rxh4 Rxg5 37. e6 Qf5 38. Qxb7 Rh5 39. Qf7+ Qxf7 40. exf7+ Kxf7 41. Rxe8 Rxh4+ 42. gxh4 Kxe8 43. b4 1-0

[Event "CZE-chT 1617"]
[Site "Czech Republic"]
[Date "2017.04.01"]
[Round "10.4"]
[White "Hollan, Petr"]
[Black "Dvorak, Adam"]
[Result "1/2-1/2"]
[WhiteElo "2288"]
[BlackElo "2208"]
[PlyCount "181"]
[EventDate "2016.10.08"]
[EventType "team-tourn"]
[EventRounds "11"]
[EventCountry "CZE"]
[SourceTitle "CBM 177 Extra"]
[Source "ChessBase"]
[SourceDate "2017.04.27"]
[SourceVersion "1"]
[SourceVersionDate "2017.04.27"]
[SourceQuality "1"]
[WhiteTeam "Tatran Litovel"]
[BlackTeam "Brno Lokomotiva"]
[WhiteTeamCountry "CZE"]
[BlackTeamCountry "CZE"]

1. c4 e6 2. Nf3 Nf6 3. g3 d5 4. Bg2 Bd6 5. 0-0 0-0 6. d4 Nbd7 7. Nbd2 b6 8. e4 dxe4 9. Ng5 Bb7 10. Ndxe4 Nxe4 11. Nxe4 Be7 12. Nf6+ Bxf6 13. Bxb7 c5 14. dxc5 Ne5 15. Qxd8 Raxd8 16. c6 Nxc4 17. c7 Rc8 18. Bxc8 Rxc8 19. Rb1 Rxc7 20. b3 Ne5 21. Ba3 g5 22. Rbc1 Rb7 23. Rfd1 g4 24. Kg2 Kg7 25. Bd6 h5 26. Rc7 Rxc7 27. Bxc7 Nc6 28. Bf4 Nb4 29. a4 Nd5 30. Be3 Kg6 31. Rc1 Bc3 32. Rd1 Nxe3+ 33. fxe3 Bb4 34. Kf2 a5 35. Rd8 Bc5 36. Ke2 f5 37. Rg8+ Kf6 38. Rh8 Kg6 39. Rb8 e5 40. Rc8 e4 41. Rc6+ Kg5 42. b4 Bxb4 43. Rxb6 h4 44. Rxb4 axb4 45. a5 b3 46. Kd2 hxg3 47. hxg3 f4 48. gxf4+ Kf5 49. a6 b2 50. Kc2 g3 51. a7 g2 52. a8Q b1Q+ 53. Kxb1 g1Q+ 54. Kc2 Qf2+ 55. Kd1 Qf1+ 56. Kd2 Qd3+ 57. Ke1 Qxe3+ 58. Kf1 Qxf4+ 59. Ke1 Qg3+ 60. Ke2 Qh2+ 61. Ke1 Qh1+ 62. Ke2 Qf3+ 63. Ke1 Qc3+ 64. Ke2 Qb2+ 65. Ke1 Qc3+ 66. Ke2 Qd3+ 67. Ke1 Qd6 68. Qh8 Qg3+ 69. Ke2 Qd3+ 70. Ke1 Qe3+ 71. Kf1 Qf4+ 72. Ke2 Qf3+ 73. Ke1 Qd3 74. Qf8+ Ke5 75. Qe7+ Kd5 76. Qd7+ Kc4 77. Qc6+ Kb3 78. Qb6+ Kc2 79. Qc5+ Kb3 80. Qb6+ Kc4 81. Qc6+ Kd4 82. Qd6+ Kc3 83. Qc5+ Qc4 84. Qxc4+ Kxc4 85. Ke2 Kd4 86. Kd2 e3+ 87. Ke2 Ke4 88. Ke1 Kf3 89. Kf1 e2+ 90. Ke1 Ke4 91. Kxe2 1/2-1/2

[Event "CZE-chT2E 1617"]
[Site "Czech Republic"]
[Date "2017.01.15"]
[Round "6.1"]
[White "Dvorak, Adam"]
[Black "Mudrak, Josef"]
[Result "0-1"]
[WhiteElo "2179"]
[BlackElo "2299"]
[PlyCount "60"]
[EventDate "2016.09.10"]
[EventType "team-tourn"]
[EventRounds "11"]
[EventCountry "CZE"]
[SourceTitle "EXT 2022"]
[Source "ChessBase"]
[SourceDate "2021.10.06"]
[SourceVersion "1"]
[SourceVersionDate "2021.10.06"]
[SourceQuality "1"]
[WhiteTeam "Brno Lokomotiva II"]
[BlackTeam "Hostalkova"]
[WhiteTeamCountry "CZE"]
[BlackTeamCountry "CZE"]

1. d4 Nf6 2. g3 g6 3. Bg2 d6 4. e4 Bg7 5. Ne2 0-0 6. Nbc3 e5 7. d5 a5 8. h3 Na6 9. Be3 Nc5 10. Qd2 Bd7 11. 0-0 b5 12. f3 b4 13. Nd1 c6 14. dxc6 Bxc6 15. Nf2 Qe7 16. a3 Rfb8 17. axb4 axb4 18. Nd3 Nxd3 19. Qxd3 d5 20. Kh2 d4 21. Bg5 Rxa1 22. Rxa1 Ng4+ 23. hxg4 Qxg5 24. Ng1 Bd7 25. Qa6 Be6 26. Qd6 Rc8 27. Qxb4 Bf8 28. Qa4 Qd2 29. c3 Qxb2 30. cxd4 Rc2 0-1

[Event "CZE-chT 1617"]
[Site "Czech Republic"]
[Date "2016.10.09"]
[Round "2.4"]
[White "Dvorak, Adam"]
[Black "Simek, Petr1111"]
[Result "1/2-1/2"]
[WhiteElo "2208"]
[BlackElo "2380"]
[PlyCount "82"]
[EventDate "2016.10.08"]
[EventType "team-tourn"]
[EventRounds "11"]
[EventCountry "CZE"]
[SourceTitle "EXT 2017"]
[Source "ChessBase"]
[SourceDate "2016.10.25"]
[SourceVersion "1"]
[SourceVersionDate "2016.10.25"]
[SourceQuality "1"]
[WhiteTeam "Brno Lokomotiva"]
[BlackTeam "Unichess"]
[WhiteTeamCountry "CZE"]
[BlackTeamCountry "CZE"]

1. d4 Nf6 2. c4 e6 3. Nf3 b6 4. g3 Bb7 5. Bg2 Be7 6. 0-0 0-0 7. Nc3 Na6 8. Bf4 Ne4 9. Nxe4 Bxe4 10. Rc1 Qc8 11. Qb3 Qb7 12. Rfd1 Rac8 13. Ne1 Bxg2 14. Nxg2 Bf6 15. Qb5 c6 16. Qb3 d5 17. Ne3 Rfd8 18. Ng4 Be7 19. c5 Nb8 20. Ne5 Qa6 21. Nd3 Nd7 22. Nb4 Qb7 23. Nd3 Qa6 24. Nb4 Qb7 25. Nd3 Re8 26. Rc2 Qa6 27. Nb4 Qb7 28. Nd3 Qa8 29. Qa4 bxc5 30. dxc5 Bf8 31. e4 e5 32. Bc1 dxe4 33. Qxe4 Nf6 34. Qf5 e4 35. Ne5 Rcd8 36. Rxd8 Qxd8 37. Rd2 Qa5 38. Nd7 Nd5 39. Ne5 Nf6 40. Nd7 Nd5 41. Ne5 Nf6 1/2-1/2

[Event "CZE-chT 1617"]
[Site "Czech Republic"]
[Date "2016.10.08"]
[Round "1.4"]
[White "Babula, Vlastimil"]
[Black "Dvorak, Adam"]
[Result "1-0"]
[WhiteElo "2545"]
[BlackElo "2208"]
[PlyCount "63"]
[EventDate "2016.10.08"]
[EventType "team-tourn"]
[EventRounds "11"]
[EventCountry "CZE"]
[SourceTitle "EXT 2017"]
[Source "ChessBase"]
[SourceDate "2016.10.25"]
[SourceVersion "1"]
[SourceVersionDate "2016.10.25"]
[SourceQuality "1"]
[WhiteTeam "Novoborsky"]
[BlackTeam "Brno Lokomotiva"]
[WhiteTeamCountry "CZE"]
[BlackTeamCountry "CZE"]

1. d4 Nf6 2. c4 e6 3. Nf3 c5 4. d5 exd5 5. cxd5 d6 6. Nc3 g6 7. Nd2 Bg7 8. e4 0-0 9. Be2 Ne8 10. 0-0 Qh4 11. f4 f5 12. e5 dxe5 13. Nf3 Qe7 14. fxe5 Bxe5 15. Nxe5 Qxe5 16. Bf4 Qf6 17. d6 Be6 18. Bf3 Nd7 19. Re1 Ng7 20. Bxb7 Rae8 21. Qd2 Qf7 22. Nd5 Kh8 23. Nc7 Rd8 24. Bh6 Rfe8 25. Bc6 f4 26. Nxe8 Rxe8 27. Bxf4 Nf5 28. Re4 Nd4 29. Bxd7 Bxd7 30. Rxe8+ Qxe8 31. Re1 Qf7 32. Be5+ 1-0

[Event "Karvina op"]
[Site "Karvina"]
[Date "2016.07.09"]
[Round "8"]
[White "Dvorak, Adam"]
[Black "Zimniok, Lubomir"]
[Result "1-0"]
[WhiteElo "2144"]
[BlackElo "2082"]
[PlyCount "63"]
[EventDate "2016.07.02"]
[EventType "swiss"]
[EventRounds "9"]
[EventCountry "CZE"]
[SourceTitle "EXT 2017"]
[Source "ChessBase"]
[SourceDate "2016.10.25"]
[SourceVersion "1"]
[SourceVersionDate "2016.10.25"]
[SourceQuality "1"]

1. b3 Nf6 2. Bb2 d6 3. e3 Bf5 4. Bxf6 exf6 5. Nc3 d5 6. Qf3 Be6 7. Nge2 Nc6 8. Nd4 Nxd4 9. exd4 Qd7 10. Bd3 c6 11. h3 Bd6 12. g4 0-0-0 13. 0-0-0 Qc7 14. Rde1 Qa5 15. Kb1 Qb4 16. Qe3 Rhe8 17. f4 Bxg4 18. Qxe8 Rxe8 19. Rxe8+ Kd7 20. Rg8 Bh5 21. Rxg7 Bxf4 22. Rxh7 Bxd2 23. Na4 Bf3 24. Rf1 Qe7 25. Bg6 Qe2 26. Rxf7+ Kd8 27. Bd3 Qe6 28. Rxb7 Qxh3 29. Nc5 f5 30. Rg1 Bg2 31. Ne6+ Ke8 32. Bxf5 1-0

[Event "Karvina op"]
[Site "Karvina"]
[Date "2016.07.04"]
[Round "3"]
[White "Jaworski, Miroslaw"]
[Black "Dvorak, Adam"]
[Result "1/2-1/2"]
[WhiteElo "2262"]
[BlackElo "2144"]
[PlyCount "57"]
[EventDate "2016.07.02"]
[EventType "swiss"]
[EventRounds "9"]
[EventCountry "CZE"]
[SourceTitle "EXT 2017"]
[Source "ChessBase"]
[SourceDate "2016.10.25"]
[SourceVersion "1"]
[SourceVersionDate "2016.10.25"]
[SourceQuality "1"]

1. d4 Nf6 2. c4 e6 3. Nc3 d5 4. Bg5 Be7 5. Nf3 0-0 6. e3 Nbd7 7. cxd5 exd5 8. Bd3 Re8 9. Qc2 c6 10. 0-0 h6 11. Bh4 Ne4 12. Bxe7 Qxe7 13. Bxe4 dxe4 14. Nd2 Nf6 15. Rfc1 Bf5 16. a3 Rad8 17. b4 Nh7 18. Ne2 Qg5 19. Nf1 h5 20. Nf4 h4 21. h3 Qf6 22. Nh2 g5 23. Ne2 Rd6 24. Qd1 Qg7 25. Rc5 Bd7 26. Kh1 f5 27. Qd2 Nf6 28. Rg1 Nh5 29. g4 1/2-1/2

[Event "CZE-ch"]
[Site "Ostrava"]
[Date "2016.04.30"]
[Round "1"]
[White "Kanovsky, David"]
[Black "Dvorak, Adam"]
[Result "1-0"]
[WhiteElo "2441"]
[BlackElo "2228"]
[PlyCount "75"]
[EventDate "2016.04.30"]
[EventType "swiss"]
[EventRounds "9"]
[EventCountry "CZE"]
[SourceTitle "CBM 172 Extra"]
[Source "ChessBase"]
[SourceDate "2016.06.21"]
[SourceVersion "1"]
[SourceVersionDate "2016.06.21"]
[SourceQuality "1"]

1. c4 e6 2. g3 Nf6 3. Bg2 d5 4. Nf3 Nbd7 5. b3 Bd6 6. Bb2 0-0 7. 0-0 Qe7 8. d3 dxc4 9. bxc4 Rd8 10. Nc3 c6 11. Qc2 e5 12. e3 b6 13. d4 Bb7 14. Rac1 Rac8 15. Rfd1 Bb8 16. Qb3 Qe8 17. a4 Ba8 18. Qa2 a5 19. Ba3 h6 20. Qb1 Qe6 21. Nh4 Nf8 22. d5 cxd5 23. cxd5 Qe8 24. Nf5 Ng6 25. e4 Kh7 26. Qxb6 Bc7 27. Qa7 Nd7 28. Nd6 Bxd6 29. Bxd6 Ndf8 30. Nb5 Rxc1 31. Rxc1 Rd7 32. Qxa5 Bb7 33. Bh3 Qd8 34. Qxd8 Rxd8 35. Rc7 Ba6 36. Bc5 Rb8 37. Rxf7 Kg8 38. Rc7 1-0

[Event "CZE-chT1E 1516"]
[Site "Czech Republic"]
[Date "2016.04.10"]
[Round "11.8"]
[White "Dvorak, Adam"]
[Black "Novak, Jiri3333"]
[Result "1-0"]
[WhiteElo "2243"]
[BlackElo "1947"]
[PlyCount "57"]
[EventDate "2015.10.11"]
[EventType "team-tourn"]
[EventRounds "11"]
[EventCountry "CZE"]
[SourceTitle "EXT 2017"]
[Source "ChessBase"]
[SourceDate "2016.10.25"]
[SourceVersion "1"]
[SourceVersionDate "2016.10.25"]
[SourceQuality "1"]
[WhiteTeam "Brno Lokomotiva"]
[BlackTeam "Orlova Slavia"]
[WhiteTeamCountry "CZE"]
[BlackTeamCountry "CZE"]

1. d4 d5 2. c4 c6 3. Nf3 Nf6 4. e3 Bf5 5. Nc3 e6 6. Nh4 Bg6 7. Nxg6 hxg6 8. h3 g5 9. Be2 dxc4 10. e4 g4 11. Bxg4 Nxg4 12. Qxg4 Qxd4 13. Bg5 Be7 14. Rd1 Qc5 15. Bxe7 Kxe7 16. Qxg7 Nd7 17. 0-0 Nf6 18. Qg3 Rag8 19. Qc7+ Kf8 20. Rd8+ Ne8 21. Rfd1 Qg5 22. Qd6+ Kg7 23. Qb8 Kf6 24. g3 Qh6 25. R1d7 Kg7 26. Qe5+ Nf6 27. Rxg8+ Rxg8 28. Rxb7 Kg6 29. Ne2 1-0

[Event "CZE-chT1E 1516"]
[Site "Czech Republic"]
[Date "2016.02.28"]
[Round "9.8"]
[White "Szotek, Josef"]
[Black "Dvorak, Adam"]
[Result "0-1"]
[WhiteElo "1996"]
[BlackElo "2243"]
[PlyCount "66"]
[EventDate "2015.10.11"]
[EventType "team-tourn"]
[EventRounds "11"]
[EventCountry "CZE"]
[SourceTitle "EXT 2017"]
[Source "ChessBase"]
[SourceDate "2016.10.25"]
[SourceVersion "1"]
[SourceVersionDate "2016.10.25"]
[SourceQuality "1"]
[WhiteTeam "Karvina"]
[BlackTeam "Brno Lokomotiva"]
[WhiteTeamCountry "CZE"]
[BlackTeamCountry "CZE"]

1. e4 c5 2. Nc3 a6 3. a4 e6 4. Bc4 b6 5. f4 Bb7 6. d3 d5 7. exd5 exd5 8. Qe2+ Be7 9. Ba2 Nf6 10. Nf3 0-0 11. 0-0 Nc6 12. Bd2 Nb4 13. Bb1 Qc7 14. Nd1 Nc6 15. Nf2 Rfe8 16. Qd1 Bd6 17. c3 Bxf4 18. d4 Ne4 19. Nxe4 dxe4 20. Bxf4 Qxf4 21. Nd2 Qe3+ 22. Kh1 cxd4 23. Nc4 Qh6 24. cxd4 Rad8 25. d5 Ne5 26. Nxe5 Rxe5 27. Ba2 Rh5 28. h3 Rxh3+ 29. gxh3 Qxh3+ 30. Kg1 Rd6 31. Kf2 Rf6+ 32. Ke2 Bc8 33. Kd2 Qd3+ 0-1

[Event "CZE-chT2E 1516"]
[Site "Czech Republic"]
[Date "2016.02.21"]
[Round "8.3"]
[White "Haba, Zdenek"]
[Black "Dvorak, Adam"]
[Result "1-0"]
[WhiteElo "2227"]
[BlackElo "2228"]
[PlyCount "87"]
[EventDate "2015.10.18"]
[EventType "team-tourn"]
[EventRounds "11"]
[EventCountry "CZE"]
[SourceTitle "EXT 2022"]
[Source "ChessBase"]
[SourceDate "2021.10.06"]
[SourceVersion "1"]
[SourceVersionDate "2021.10.06"]
[SourceQuality "1"]
[WhiteTeam "Jihlava Gordic"]
[BlackTeam "Brno Lokomotiva II"]
[WhiteTeamCountry "CZE"]
[BlackTeamCountry "CZE"]

1. d4 Nf6 2. c4 c5 3. d5 e6 4. Nc3 exd5 5. cxd5 d6 6. e4 g6 7. f4 Bg7 8. Bb5+ Nfd7 9. Nf3 a6 10. Bd3 b5 11. 0-0 c4 12. Bc2 Qb6+ 13. Kh1 0-0 14. Qe1 Nc5 15. f5 Nbd7 16. Qh4 Qd8 17. Bg5 f6 18. Be3 g5 19. Qg3 Qe7 20. b4 cxb3 21. axb3 b4 22. Bxc5 Nxc5 23. Na4 Nxe4 24. Qe1 Bxf5 25. Nd4 Bg6 26. Nc6 Qb7 27. Bxe4 Rfe8 28. Qxb4 Qxb4 29. Nxb4 Rxe4 30. Nc6 Rae8 31. Nb6 Rg4 32. h3 Rg3 33. Rf3 Rxf3 34. gxf3 Re2 35. Rxa6 f5 36. Ra8+ Kf7 37. Nd8+ Kf6 38. Ne6 Bh5 39. Nd7+ Kg6 40. Rg8 Bxf3+ 41. Kg1 Bxd5 42. Rxg7+ Kh5 43. Rxh7+ Kg6 44. Nef8# 1-0

[Event "CZE-chT2E 1516"]
[Site "Czech Republic"]
[Date "2015.12.06"]
[Round "4.3"]
[White "Skoda, Martin"]
[Black "Dvorak, Adam"]
[Result "1/2-1/2"]
[WhiteElo "2153"]
[BlackElo "2228"]
[PlyCount "44"]
[EventDate "2015.10.18"]
[EventType "team-tourn"]
[EventRounds "11"]
[EventCountry "CZE"]
[SourceTitle "EXT 2022"]
[Source "ChessBase"]
[SourceDate "2021.10.06"]
[SourceVersion "1"]
[SourceVersionDate "2021.10.06"]
[SourceQuality "1"]
[WhiteTeam "Jihlava Silko Gambit"]
[BlackTeam "Brno Lokomotiva II"]
[WhiteTeamCountry "CZE"]
[BlackTeamCountry "CZE"]

1. e4 c5 2. Nf3 e6 3. b3 b6 4. Bb2 Bb7 5. Nc3 Nc6 6. g3 Nf6 7. Bg2 d6 8. 0-0 Be7 9. Re1 0-0 10. d4 cxd4 11. Nxd4 Rc8 12. Qd2 Nxd4 13. Qxd4 Ne8 14. Qd2 Qc7 15. Rac1 Qc5 16. Kh1 Bf6 17. Na4 Qh5 18. c4 Bxb2 19. Nxb2 f5 20. exf5 Bxg2+ 21. Kxg2 Qxf5 22. f4 Rf6 1/2-1/2

[Event "CZE-chT1E 1516"]
[Site "Czech Republic"]
[Date "2015.10.11"]
[Round "1.8"]
[White "Bares, Jachym"]
[Black "Dvorak, Adam"]
[Result "1/2-1/2"]
[WhiteElo "1940"]
[BlackElo "2243"]
[PlyCount "66"]
[EventDate "2015.10.11"]
[EventType "team-tourn"]
[EventRounds "11"]
[EventCountry "CZE"]
[SourceTitle "CBM 169 Extra"]
[Source "ChessBase"]
[SourceDate "2015.12.18"]
[SourceVersion "1"]
[SourceVersionDate "2015.12.18"]
[SourceQuality "1"]
[WhiteTeam "Grygov"]
[BlackTeam "Brno Lokomotiva"]
[WhiteTeamCountry "CZE"]
[BlackTeamCountry "CZE"]

1. e4 c5 2. Nf3 e6 3. d4 cxd4 4. Nxd4 a6 5. Bd3 Nc6 6. Be3 Nf6 7. 0-0 Qc7 8. a4 b6 9. Nb3 Bb7 10. Nc3 Bb4 11. a5 Nxa5 12. Na4 Nxb3 13. Bxb6 Qf4 14. cxb3 Nxe4 15. Be3 Qh4 16. Nb6 Rd8 17. Bxa6 Bc6 18. f4 0-0 19. Nc4 Nc5 20. Bxc5 Bxc5+ 21. Kh1 d6 22. Nd2 f5 23. Qe1 Qe7 24. Nf3 Rf6 25. b4 Bb6 26. Rc1 Ba8 27. Qe2 Rg6 28. Rc8 Rxc8 29. Bxc8 Bd5 30. Rc1 h6 31. Ba6 Kh7 32. Bc4 Be4 33. Bd3 Bxf3 1/2-1/2

[Event "Brno op"]
[Site "Brno"]
[Date "2015.08.27"]
[Round "6"]
[White "Skacelik, Petr"]
[Black "Dvorak, Adam"]
[Result "1/2-1/2"]
[WhiteElo "2172"]
[BlackElo "2230"]
[PlyCount "39"]
[EventDate "2015.08.23"]
[EventType "swiss"]
[EventRounds "9"]
[EventCountry "CZE"]
[SourceTitle "EXT 2016"]
[Source "ChessBase"]
[SourceDate "2015.10.08"]
[SourceVersion "1"]
[SourceVersionDate "2015.10.08"]
[SourceQuality "1"]

1. d4 Nf6 2. c4 c5 3. d5 e6 4. Nc3 exd5 5. cxd5 d6 6. e4 g6 7. h3 Bg7 8. Nf3 0-0 9. Bd3 b5 10. Bxb5 Nxe4 11. Nxe4 Qa5+ 12. Nfd2 Qxb5 13. Nxd6 Qa6 14. N2c4 Nd7 15. 0-0 Ne5 16. Nxc8 Raxc8 17. Nxe5 Bxe5 18. Be3 Bxb2 19. Rb1 Qf6 20. Qb3 1/2-1/2

[Event "Brno op"]
[Site "Brno"]
[Date "2015.08.25"]
[Round "4"]
[White "Tovarek, Antonin1111"]
[Black "Dvorak, Adam"]
[Result "0-1"]
[WhiteElo "1972"]
[BlackElo "2230"]
[PlyCount "94"]
[EventDate "2015.08.23"]
[EventType "swiss"]
[EventRounds "9"]
[EventCountry "CZE"]
[SourceTitle "EXT 2016"]
[Source "ChessBase"]
[SourceDate "2015.10.08"]
[SourceVersion "1"]
[SourceVersionDate "2015.10.08"]
[SourceQuality "1"]

1. e4 c5 2. Nf3 e6 3. d4 cxd4 4. Nxd4 Nf6 5. Nc3 d6 6. Bc4 Qc7 7. Bb3 a6 8. a4 Nbd7 9. Bg5 Be7 10. 0-0 0-0 11. f4 Nc5 12. Re1 Nxb3 13. cxb3 Qb6 14. Kh1 h6 15. Bxf6 Bxf6 16. e5 Bh4 17. a5 Qa7 18. Re4 Rd8 19. Qg4 Be7 20. Rd1 dxe5 21. fxe5 Bd7 22. Rf1 Rf8 23. Ref4 Qc5 24. Qh5 Bg5 25. Re4 Kh7 26. h4 Bf6 27. Qe2 Be7 28. Ref4 Rad8 29. Ne4 Qd5 30. Qd3 Kg8 31. Qf3 Qxe5 32. Re1 Qxd4 33. Nf6+ Qxf6 34. Rxf6 Bxf6 35. Qxb7 Bb5 36. Qe4 Rd4 37. Qf3 Rxh4+ 38. Kg1 Bd4+ 39. Re3 Rd8 40. g3 Bxe3+ 41. Qxe3 Rhd4 42. Qe5 Rd2 43. Qc7 Be2 44. Qf4 h5 45. Qg5 Bg4 46. b4 Rd1+ 47. Kf2 R8d2+ 0-1

[Event "Brno op"]
[Site "Brno"]
[Date "2015.08.23"]
[Round "1"]
[White "Dvorak, Adam"]
[Black "Straka, Vojtech"]
[Result "1-0"]
[WhiteElo "2230"]
[BlackElo "1770"]
[PlyCount "123"]
[EventDate "2015.08.23"]
[EventType "swiss"]
[EventRounds "9"]
[EventCountry "CZE"]
[SourceTitle "EXT 2016"]
[Source "ChessBase"]
[SourceDate "2015.10.08"]
[SourceVersion "1"]
[SourceVersionDate "2015.10.08"]
[SourceQuality "1"]

1. d4 d5 2. Nf3 Nf6 3. g3 Bf5 4. Bg2 e6 5. 0-0 Be7 6. c3 0-0 7. Qb3 Qc8 8. Nbd2 Ne4 9. Ne5 Nxd2 10. Bxd2 Nd7 11. Nxd7 Qxd7 12. c4 c6 13. Bb4 Rfe8 14. Bxe7 Rxe7 15. Rad1 Rae8 16. f3 e5 17. dxe5 Rxe5 18. e4 Bh3 19. Bxh3 Qxh3 20. cxd5 Rh5 21. Rf2 cxd5 22. Rxd5 Rxd5 23. Qxd5 Qc8 24. Rd2 g6 25. Kg2 Qc7 26. f4 Qb6 27. e5 Re6 28. Qd8+ Kg7 29. Qxb6 Rxb6 30. b3 Kf8 31. Rd7 Ra6 32. Rxb7 Rxa2+ 33. Kf3 a5 34. h3 a4 35. bxa4 Rxa4 36. e6 Ra3+ 37. Kg4 h5+ 38. Kg5 fxe6 39. Kf6 Ke8 40. g4 hxg4 41. hxg4 Ra4 42. Ke5 Ra6 43. g5 Ra5+ 44. Kxe6 Kf8 45. Rb8+ Kg7 46. Rb7+ Kf8 47. Kf6 Rf5+ 48. Kxg6 Rxf4 49. Rb8+ Ke7 50. Kg7 Re4 51. g6 Re1 52. Rb6 Rf1 53. Kh7 Rh1+ 54. Kg8 Rh6 55. Kg7 Rh1 56. Rb2 Ke8 57. Re2+ Kd7 58. Kg8 Rg1 59. g7 Kd6 60. Rh2 Ke7 61. Kh7 Kf7 62. g8Q+ 1-0